| 000 | 00742nam a22002297a 4500 | ||
|---|---|---|---|
| 005 | 20080811141834.0 | ||
| 008 | 080811t xxu||||| |||| 00| p eng d | ||
| 010 | _aENG-90709 | ||
| 020 |
_c150.00 _a8172112343 |
||
| 035 | _aEN-74242 | ||
| 037 | _bDBAD / PUB | ||
| 040 |
_aDPL _bENGLISH |
||
| 082 | _a881 | ||
| 100 | _aVikram Singh | ||
| 245 |
_aHyenas in town / _cby Vikram Singh |
||
| 246 |
_aLakarbagghe : _bShahar mein |
||
| 260 |
_aNew Delhi _bNorthern Book Centre _c2008 |
||
| 300 |
_a75p. _c22 cm.(Hb) |
||
| 650 |
_aEnglish poetry _xAnthology |
||
| 942 |
_2ddc _cEN _h881 _mVIK |
||
| 999 |
_c14812 _d14812 |
||